|
|
|
|
| LEADER |
01314cam a2200361Ia 4500 |
| 001 |
9780203441602 |
| 003 |
FlBoTFG |
| 005 |
20091230162920.0 |
| 006 |
a|||||s||||||||||| |
| 007 |
cr|||| |
| 008 |
961118s1997 enk sb 001 0 eng d |
| 020 |
|
|
|a 9780203441602 (e-book : PDF)
|
| 040 |
|
|
|a FlBoTFG
|c FlBoTFG
|d GrThAP
|
| 043 |
|
|
|a ff-----
|a e------
|a aw-----
|
| 090 |
|
|
|a BF311
|b .S5695 1997
|
| 092 |
|
|
|a 153.120938
|b S635
|
| 100 |
1 |
|
|a Small, Jocelyn Penny,
|d 1945-
|
| 245 |
1 |
0 |
|a Wax tablets of the mind
|h [electronic resource] :
|b cognitive studies of memory and literacy in classical antiquity /
|c Jocelyn Penny Small.
|
| 260 |
|
|
|a London ;
|a New York :
|b Routledge,
|c 1997.
|
| 300 |
|
|
|a xviii, 377 p.
|
| 504 |
|
|
|a Includes bibliographical references (p. 325-363) and indexes.
|
| 530 |
|
|
|a Also available in print edition.
|b CRC Press (http://www.crcpress.com)
|
| 538 |
|
|
|a Mode of access: World Wide Web.
|
| 650 |
|
0 |
|a Cognition and culture
|z Greece.
|
| 650 |
|
0 |
|a Cognition and culture
|z Rome.
|
| 650 |
|
0 |
|a Oral tradition
|z Greece.
|
| 650 |
|
0 |
|a Oral tradition
|z Rome.
|
| 650 |
|
0 |
|a Literacy
|z Greece.
|
| 650 |
|
0 |
|a Literacy
|z Rome.
|
| 650 |
|
0 |
|a Memory.
|
| 655 |
|
7 |
|a Electronic books.
|2 lcsh
|
| 776 |
1 |
|
|z 9780415149839
|
| 856 |
4 |
0 |
|u http://www.tandfebooks.com/isbn/9780203441602
|z Full Text via HEAL-Link
|